Calculus: Student mathematics handbook (Record no. 9756)

000 -LEADER
fixed length control field 00431 a2200157 4500
020 ## - INTERNATIONAL STANDARD BOOK NUMBER
International Standard Book Number 0130819549
090 ## - LOCALLY ASSIGNED LC-TYPE CALL NUMBER (OCLC); LOCAL CALL NUMBER (RLIN)
-- 5918
-- 5918
100 ## - MAIN ENTRY--PERSONAL NAME
Personal name Bradley, Gerald L.
245 ## - TITLE STATEMENT
Title Calculus: Student mathematics handbook
Statement of responsibility, etc. Gerald L. Bradley, Karl J. Smith
250 ## - EDITION STATEMENT
Edition statement 2nd ed.
260 ## - PUBLICATION, DISTRIBUTION, ETC.
Place of publication, distribution, etc. New Jersey:
Name of publisher, distributor, etc. Prentice- Hall,
Date of publication, distribution, etc. 1998.
300 ## - PHYSICAL DESCRIPTION
Extent 202 p. :
Other physical details ill. ;
Dimensions 24cm.
500 ## - GENERAL NOTE
General note Includes index
650 ## - SUBJECT ADDED ENTRY--TOPICAL TERM
Topical term or geographic name entry element Calculus
942 ## - ADDED ENTRY ELEMENTS (KOHA)
Koha item type Book
Call number prefix 515 BRA
Holdings
Withdrawn status Lost status Damaged status Not for loan Collection code Permanent Location Current Location Shelving location Date acquired Source of acquisition Cost, normal purchase price Total Checkouts Full call number Barcode Date last seen Price effective from Koha item type
          Central Library (CL) Central Library (CL) General Stacks 06/20/2005 Academic Book Company 1751.31   515 BRA SEECS005969 11/14/2012 01/05/2017 Book
© 2023 Central Library, National University of Sciences and Technology. All Rights Reserved.